| 000 | 00883cab a2200241 4500 | ||
|---|---|---|---|
| 001 | WB2746-23 | ||
| 008 | 090401t1991 xxu||||| |||| 00| 0 eng d | ||
| 035 | _a(Sirsi) u50400 | ||
| 041 | _aeng | ||
| 245 | _aGuidance for the cement industry | ||
| 260 | _c1991 | ||
| 350 | _a0 | ||
| 490 |
_aDOE Press Release _v(731) 22 November 1991 (2) |
||
| 520 | _aMinerals Planning Guidance Note 10 sets out how minerals for the production of cement can be provided with consideration for the environment. One measure in the MPG is the drawing up of a quarry plan at each site with details of use of the quarry and restoration and after-use. | ||
| 650 | _aCEMENT INDUSTRY | ||
| 650 | _aMINERAL PLANNING GUIDANCE NOTE 10 | ||
| 650 | _aQUARRIES | ||
| 650 | _aRESTORATION | ||
| 690 | _aMINING AND MINERALS | ||
| 690 | _aPLANNING LAW AND PRACTICE | ||
| 942 | _n0 | ||
| 948 | _c04/03/1997 | ||
| 999 |
_c31452 _d31452 |
||